Výnosy a riziko vybraných investičních nástrojů českého kapitálového trhu
Vznik českého kapitálového trhu v roku 1993 a jeho ďaľší vývoj. Určenie skutočných výnosov a rizík vybraných investičných nástrojov na českom trhu za obdobie rokov 2003 až 2012.
Salvato in:
| Autore principale: | |
|---|---|
| Altri autori: | |
| Natura: | Capitolo di libro |
| Lingua: | ceco |
| Soggetti: | |
| Tags: |
Nessun Tag, puoi essere il primo ad aggiungerne!!
|
MARC
| LEADER | 00000naa a2200000 4500 | ||
|---|---|---|---|
| 001 | 0199136 | ||
| 005 | 20231204135404.0 | ||
| 041 | 0 | |a cze | |
| 044 | |a CZ | ||
| 245 | 1 | 0 | |a Výnosy a riziko vybraných investičních nástrojů českého kapitálového trhu |c Pavel Duspíva, Lukáš Kruml |
| 520 | |a Vznik českého kapitálového trhu v roku 1993 a jeho ďaľší vývoj. Určenie skutočných výnosov a rizík vybraných investičných nástrojov na českom trhu za obdobie rokov 2003 až 2012. | ||
| 610 | 2 | 0 | |a Česko |
| 610 | 2 | 0 | |a trh kapitálový |
| 610 | 2 | 0 | |a história |
| 610 | 2 | 0 | |a obligácie |
| 610 | 2 | 0 | |a dlhopisy |
| 610 | 2 | 0 | |a papiere cenné |
| 100 | 1 | |a Duspíva, Pavel | |
| 700 | 1 | |a Kruml, Lukáš | |